Situations-Plan der königl. Prag nebst Smichov u. Karolinenthal mit Angabe der alten und neuen Hausnummern nebst neuer Gassen- und Plätzebezeichnung = Polohopisný plán královského města Prahy se Smíchovem a Karlínem : s udáním starých i nových čísel domů a nového pojmenování ulic a náměstí /

Hlavní autor: Mayr, Josef
Korporativní autor: Mittag & Wildner (firma : Praha, Česko)
Další autoři: Spolek notářů pro království České
Jazyk: Němčina
Čeština
Vydáno: Prag : Herausgegeben vom Vereine der Notare in Böhmen, 1869
Témata:
Externí odkaz: Digitalizovaný dokument
Fyzický popis: 1 mapa na 8 listech : litografie, barev. ; 222 x 124 cm, listy 44 x 60 cm
Language note: Souběžný německý a český název
Mapy
Uloženo v:
LEADER 02213nem a2200373 a 4500
001 001065735
003 CZ BrMZK
005 20140930130528.0
007 aj|ca|||
008 080912s1869 xr |||||||a|||r|0|||gerod
034 1 |a a  |b 2285  |d E0142122  |e E0143121  |f N0500714  |g N0500255 
040 |a BOA001  |b cze 
041 0 |a ger  |a cze 
043 |a e-xr---  |b e-xr-pg  |2 czenas 
072 7 |a 911  |x Obecná geografie. Systematická geografie  |2 Konspekt  |9 7 
072 7 |a 912  |x Mapy. Atlasy. Glóby  |2 Konspekt  |9 7 
080 |a 913(437.311)  |2 MRF 
080 |a (084.3)  |2 MRF 
100 1 |a Mayr, Josef  |4 aut 
245 1 0 |a Situations-Plan der königl. Prag nebst Smichov u. Karolinenthal  |h [kartografický dokument] :  |b mit Angabe der alten und neuen Hausnummern nebst neuer Gassen- und Plätzebezeichnung = Polohopisný plán královského města Prahy se Smíchovem a Karlínem : s udáním starých i nových čísel domů a nového pojmenování ulic a náměstí /  |c herausgegeben vom Vereine der Notare in Böhmen ; zusammengestellt und vervollständigt bis Ende Dezbr. vom Landes-Ingenieur-Adjunkten Josef Mayr ; Lith. von Mittag &. Wildner in Prag 
246 3 1 |a Polohopisný plán královského města Prahy se Smíchovem a Karlínem s udáním starých i nových čísel domů a nového pojmenování ulic a náměstí 
255 |a Měřítko [ca 1:2 285]. 8,8 cm = Měřítko 100°  |c (014°21´22" v.d.--014°31´21" v.d./050°07´14" s.š.--050°02´55" s.š.) 
260 |a Prag :  |b Herausgegeben vom Vereine der Notare in Böhmen,  |c 1869  |e (Prag :  |f lith. von Mittag & Wildner) 
300 |a 1 mapa na 8 listech :  |b litografie, barev. ;  |c 222 x 124 cm, listy 44 x 60 cm 
546 |a Souběžný německý a český název 
561 |a Provenience: (razítko) Franz. Museum d. K. k. m. s. Ackerbaugesellschaft  |5 CZ-BrMZK 
655 7 |a plány měst  |7 fd133027  |2 czenas 
651 7 |a Praha (Česko)  |7 ge118011  |2 czenas 
710 2 |a Mittag & Wildner (firma : Praha, Česko)  |4 ltg 
710 2 |a Spolek notářů pro království České  |4 pbl 
856 4 1 |u http://www.digitalniknihovna.cz/mzk/uuid/uuid:d667d776-7791-41e4-b109-58ce67d4899a  |y Digitalizovaný dokument 
910 |a BOA001  |b Mpa-1211.622 
990 |a MP 
991 |b 201207